La cartuja de parma
Guardat en:
| Autors principals: | , |
|---|---|
| Format: | Llibre |
| Idioma: | espanyol |
| Publicat: |
Barcelona
Bruguera
1967
|
| Edició: | 1a. ed |
| Col·lecció: | Libro Amigo, 28
|
| Matèries: | |
| Etiquetes: |
Afegir etiqueta
Sense etiquetes, Sigues el primer a etiquetar aquest registre!
|
MARC
| LEADER | 00000cam a2200000 a 4500 | ||
|---|---|---|---|
| 001 | UCE6625 | ||
| 003 | CL-VaPUC | ||
| 008 | 150423e19670200sp |||||||||||||||||spa|d | ||
| 082 | 0 | 4 | |a 843 |b STE |2 21 |
| 100 | 0 | |a Stendahl |e author |9 579253 | |
| 700 | 0 | |a Stendahl, Henri Beyle |e author |9 579254 | |
| 245 | 1 | 3 | |a La cartuja de parma |
| 250 | |a 1a. ed | ||
| 300 | |a 557 p | ||
| 942 | |c BK | ||
| 945 | |d 20150423 11:40:00 |a arojas | ||
| 260 | |a Barcelona |b Bruguera |c 1967 | ||
| 650 | 0 | |a Novela francesa |9 264985 | |
| 650 | 0 | |a Literatura francesa |9 266330 | |
| 583 | |a last modification |c 20150423 11:40:00 |k Rodrigo Vera | ||
| 490 | 0 | |a Libro Amigo, 28 | |
| 999 | |c 358896 |d 358894 | ||
| 952 | |0 0 |1 0 |3 erb |4 0 |6 843_000000000000000_STE_1967 |7 0 |8 A |9 467849 |a BIBEDU |b BIBEDU |e Villagrán Garnham, Jorge |i 5170168 |o 843 STE 1967 |p 5170168 |r 2019-11-23 |w 2019-11-23 |y BK |z Catalogado en:20150423 |k LIT | ||